| 000 | 00779nam a2200169Ia 4500 | ||
|---|---|---|---|
| 001 | 13230 | ||
| 003 | GE_BSU | ||
| 008 | 181216s||||||||xx |||||||||||||| ||und|| | ||
| 040 | _cGE_BSU | ||
| 245 | _aსაქართველოს ევროპული გზა=Georgias European Way.ნოემბერი №3 2014 | ||
| 245 | _cსაქ-ს სახ-ფო მინისტრის აპარატი ევროპულ და ევროატლანტიკურ სტრუქტურებში ინტეგრაციის საკითხებში | ||
| 260 | _aთბილისი | ||
| 260 | _c2014 | ||
| 300 | _a77გვ.30სმ. | ||
| 653 | _aსაქართველოს ევროპული გზა | ||
| 942 | _cCR | ||
| 999 |
_c46394 _d46394 |
||